003610000a22001090004500090001700000245008200017041001400099100004300113942001300156773006500169999001700234 aASbSeriadas10aReproducción de Melanosuchus niger Spix, 1825, caimán negro en cautiverio0 aEspañol1 aNeira Martínez, Jorge Arturo9100327 cARTICULO1 tTrianeakActa Científica y Tecnológicah5q109-121d1994 c16133d16133